21st Century Films in the National Film Registry 🎬 - Statistics

General Stats
  • This quiz has been taken 14 times
  • The average score is 15 of 18
Answer Stats
Release Type Hint Film % Correct
2001 Fantasy comedy Fairy tale send-up with an ogre and a donkey Shrek
100%
2008 Superhero A masked vigilante faces an anarchic criminal mastermind The Dark Knight
100%
2014 Comedy-drama A concierge, a lobby boy, a stolen painting, and a pastel European hotel The Grand Budapest Hotel
100%
2010 Biopic Details the founding of a tech empire The Social Network
100%
2008 Animated sci-fi A lonely trash-compacting robot helps awaken humanity from corporate-fed stasis WALL-E
100%
2005 Drama Two Wyoming sheepherders begin a hidden relationship Brokeback Mountain
92%
2002 Biopic About a Mexican painter known for self-portraits Frida
92%
2010 Science fiction A crew enters layered dreams to plant an idea Inception
92%
2008 Superhero A captured weapons manufacturer builds a powered suit Iron Man
92%
2007 Thriller A hunter finds drug money, as a killer follows the toss of a coin No Country for Old Men
92%
2004 Superhero A retired super-family is forced back into public hero work The Incredibles
92%
2001 Fantasy A small group begins a quest to destroy a dangerous ring The Lord of the Rings: The Fellowship of the Ring
92%
2013 Historical drama A free Black violinist is sold into slavery in the pre-Civil War South 12 Years a Slave
85%
2001 Action comedy First film in Robert Rodriguez's kid-friendly franchise Spy Kids
85%
2008 War A bomb-disposal team works under extreme pressure during the Iraq War The Hurt Locker
85%
2002 Period drama Three women are connected by Virginia Woolf's Mrs Dalloway The Hours
46%
2011 Drama Black Brooklyn teenager navigates identity, family, and love {Pariah}
23%
2002 Comedy-drama America Ferrera's debut about a teen torn between family and school {Real} {Women} {Have} {Curves}
15%
No matching quizzes found
Score Distribution
Percent of People with Each Score
Percentile by Number Answered
Your Score History
You have not taken this quiz